[Event "Wch U08 rapid"]
[Site "Batumi"]
[Date "2023.06.07"]
[Round "6"]
[White "Bakhyt, Rauan"]
[Black "Jakhaia, Andria"]
[Result "1-0"]
[WhiteElo "1208"]
[BlackElo "1292"]
[PlyCount "82"]
[EventDate "2023.06.06"]
[EventType "swiss (rapid)"]
[EventRounds "11"]
[EventCountry "GEO"]
[SourceTitle "EXT 2024"]
[Source "ChessBase"]
[SourceDate "2023.10.10"]
[SourceVersion "1"]
[SourceVersionDate "2023.10.10"]
[SourceQuality "1"]
[WhiteTeam "Kazakhstan"]
[BlackTeam "Georgia"]
[WhiteTeamCountry "KAZ"]
[BlackTeamCountry "GEO"]

1. e4 c5 2. Nf3 e6 3. d4 cxd4 4. Nxd4 Nf6 5. Nc3 Nc6 6. Ndb5 d6 7. Bf4 e5 8. Bg5 a6 9. Na3 b5 10. Nd5 Be7 11. Bxf6 Bxf6 12. c3 0-0 13. Nc2 Bg5 14. Be2 f5 15. exf5 Bxf5 16. Bg4 Bxg4 17. Qxg4 Ne7 18. 0-0 Nxd5 19. Qe6+ Kh8 20. Qxd5 Rc8 21. Rad1 Rf6 22. Rfe1 Rh6 23. h3 Rg6 24. Nb4 Qb6 25. Nd3 Bh4 26. Qe4 Bf6 27. Qf5 Rd8 28. Nb4 Bh4 29. Nd5 Qa7 30. Re4 Rf6 31. Nxf6 Bxf6 32. Re2 d5 33. Red2 Qb7 34. Qf3 e4 35. Qf5 Qc7 36. Rxd5 Rxd5 37. Rxd5 Qc4 38. Qe6 h6 39. Rd6 Qe2 40. Qf5 Qxb2 41. Rxa6 Qxc3 1-0

[Event "Wch U08 rapid"]
[Site "Batumi"]
[Date "2023.06.07"]
[Round "7"]
[White "Cheng, Louis1111"]
[Black "Bakhyt, Rauan"]
[Result "1-0"]
[WhiteElo "1790"]
[BlackElo "1208"]
[PlyCount "103"]
[EventDate "2023.06.06"]
[EventType "swiss (rapid)"]
[EventRounds "11"]
[EventCountry "GEO"]
[SourceTitle "EXT 2024"]
[Source "ChessBase"]
[SourceDate "2023.10.10"]
[SourceVersion "1"]
[SourceVersionDate "2023.10.10"]
[SourceQuality "1"]
[WhiteTeam "Schottland"]
[BlackTeam "Kazakhstan"]
[WhiteTeamCountry "SCO"]
[BlackTeamCountry "KAZ"]

1. e4 e5 2. Nf3 Nc6 3. Bc4 Nf6 4. d3 Bc5 5. c3 0-0 6. 0-0 d5 7. exd5 Nxd5 8. b4 Bb6 9. b5 Na5 10. Nxe5 Be6 11. Bb3 Qf6 12. d4 Nxb3 13. axb3 Bf5 14. Qf3 Rad8 15. Bb2 Ne7 16. Nd2 Ng6 17. Ndc4 Rfe8 18. Qxb7 Qh4 19. Qf3 Qg5 20. Bc1 Qf6 21. Nxg6 Qxg6 22. Ne5 Qe6 23. Be3 Bg6 24. Nxg6 hxg6 25. Rab1 Qd7 26. h3 Qe6 27. Rfd1 Rc8 28. c4 c6 29. bxc6 Red8 30. d5 Qd6 31. Bxb6 axb6 32. Qe3 Re8 33. Qxb6 Rb8 34. Qd4 Rbc8 35. c5 Qd8 36. b4 Re2 37. Re1 Rxe1+ 38. Rxe1 Rxc6 39. Qe5 Rc8 40. d6 Kh7 41. b5 Qa5 42. c6 f6 43. Qe6 Rd8 44. Rb1 Qb6 45. c7 Rxd6 46. Qxd6 Qxd6 47. c8Q Qd3 48. Qc1 Qd7 49. b6 Qb7 50. Qc7 Qe4 51. Rf1 Qxg2+ 52. Kxg2 1-0

[Event "Wch U08"]
[Site "Batumi"]
[Date "2022.09.23"]
[Round "7"]
[White "Marton John, Almos Kiran"]
[Black "Bakhyt, Rauan"]
[Result "0-1"]
[WhiteElo "1317"]
[BlackElo "1166"]
[PlyCount "36"]
[EventDate "2022.09.16"]
[EventType "swiss"]
[EventRounds "11"]
[EventCountry "GEO"]
[SourceTitle "EXT 2023"]
[Source "ChessBase"]
[SourceDate "2022.10.05"]
[SourceVersion "1"]
[SourceVersionDate "2022.10.05"]
[SourceQuality "1"]

1. e4 c6 2. Nf3 d5 3. Nc3 dxe4 4. Nxe4 Nf6 5. Qe2 Nxe4 6. Qxe4 g6 7. Bc4 Bg7 8. Ne5 Bf5 9. Qf4 e6 10. g4 g5 11. Qe3 Bxe5 12. Qxe5 f6 13. Qe2 Bxc2 14. Bxe6 Bd3 15. Qe3 Qe7 16. Kd1 Bg6 17. Re1 Qd6 18. Bc8+ Kd8 0-1